| 000 | 00556nam a2200193Ia 4500 | ||
|---|---|---|---|
| 005 | 20250508160946.0 | ||
| 008 | 008 250505s9999 xx 000 0 eng d | ||
| 037 | _aTextual | ||
| 040 |
_aFEDL _beng _cFEDL |
||
| 041 |
_aeng _2eng |
||
| 084 |
_a372, PET _qFEDL |
||
| 100 | _aPetty Walter T | ||
| 245 | 0 | _aCurriculum for the modern elementary school | |
| 260 |
_aChicago, USA _bRand McNally College Publishing Company _c1976 |
||
| 300 | _a400p. | ||
| 650 | _aElementary Education | ||
| 942 |
_cTEXL _h372, PET |
||
| 999 |
_c1367622 _d1367622 |
||